00870nam a2200217Ia 450000500170000000800410001702000180005804000560007604100080013210000380014024501100017826000690028830000260035750400410038365000440042465000560046865000120052465000430053665000250057971000480060420211110133302.0130821s2011 ck d gr spa d a9789589773895 aCo-BoUCMbspacSandra Palacio (modificó)d[Nuevo]0 aspa1 aSierra Cuervo, Héctor Guillermo13aLa formación del abogado y cultura de desempeño en América LatinacHéctor Guillermo Sierra Cuervo aCúcuta (Norte de Santander, Colombia)bUniversidad Librec2011 a157 páginasbtablas aIncluye referencias bibliográficas17aAbogadosxEnseñanzazAmérica Latina17aAbogadosxFormación profesionalzAmérica Latina17aDerecho17aDerechoxEnseñanzazAmérica Latina17aEducación superior1 aUniversidad LibrebCentro de Investigaiones